Normal view MARC view
  • UNESCO. Conferencia general

Entry Nombre de Reunión

Number of records used in: 1

001 - NÚMERO DE CONTROL

  • campo de control: 58037

003 - IDENTIFICADOR DE NÚMERO DE CONTROL

  • campo de control: MX-MxUPN

005 - FECHA Y HORA DE LA ÚLTIMA TRANSACCIÓN

  • campo de control: 20250930112529.0

008 - DATOS DE LONGITUD FIJA

  • campo de control de longitud fija: 250930|| acn||aabn | a|a d

040 ## - FUENTE DE CATALOGACIÓN

  • Agencia original de catalogación: MX-MxUPN

111 ## - ENCABEZAMIENTO - NOMBRE DE REUNIÓN

  • Nombre de reunión o de jurisdicción: UNESCO. Conferencia general
  • Número de la parte, sección o reunión: (30a.:
  • Fecha de la reunión : 1999:
  • Lugar de la reunión: Paris, France)

670 ## - FUENTE EN LA QUE SE LOCALIZARON DATOS

  • Cita de la fuente: Women as educators
  • Información localizada: Portada: (XXX General Conference Unesco. October 26- november 17, 1999. Paris, France)

902 ## - CATALOGADOR

  • Catalogador: Berenice Martínez/300925